| 000 | 00557nam a22001817a 4500 | ||
|---|---|---|---|
| 999 |
_c15338 _d15338 |
||
| 082 |
_a631.587 _bGOM/IR |
||
| 100 |
_aGOMATHY SAROJAM, M _93006 |
||
| 245 | _aIrrigation project planning of the proposed regulator - cum- bridge at Thrithala | ||
| 260 |
_aTavanur _bKelappaji College of Agricultural Engineering and Technology _c1990 |
||
| 300 | _a121 | ||
| 500 | _aproject report | ||
| 520 | _aproject report | ||
| 650 |
_aproject report _92985 |
||
| 700 |
_aMini Jacob _93007 |
||
| 700 |
_aPreetha Raj _93008 |
||
| 700 |
_aSathian K. K _93009 |
||
| 942 | _cPR | ||